000 00846pam a2200289 a 4500
999 _c327
_d327
001 019336322
003 UkOxU
005 20190806110211.0
008 120207s2012 enka 001 0 eng|d
015 _aGBB215664
_2bnb
020 _a9781780871615 (hbk.) :
020 _a1780871619 (hbk.) :
035 _a(Uk)016031282
040 _aStDuBDS
_beng
_cStDuBDS
_dUk
042 _aukblcatcopy
082 0 4 _a550 RED
_223
100 1 _aRedfern, Martin,
_d1954-
_eauthor
245 1 0 _aEarth :
_b50 ideas you really need to know /
_cby Martin Redfern.
260 _aLondon :
_bQuercus,
_c2012.
300 _a208 p. :
_bcol. ill. ;
_c21 cm.
500 _aIncludes index.
500 _aFormerly CIP.
_5Uk
650 0 _aGeology
_vPopular works.
651 0 _aEarth (Planet)
_vPopular works.
942 _2ddc
_cNFIC